000 00528nam a2200181Ia 4500
008 151202s9999||||xx |||||||||||||| ||und||
082 _bPNVM-65199
100 _aभोगले प्रभाकर.
245 _aसुमा.
260 _b"मेघना प्रक ाशन, पुणे."
260 _c2007
300 _a332
600 _aभोगले प्रभाकर.
630 _aसुमा.
700 _aभोगले प्रभाकर.
730 _aसुमा.
942 _cBOOK
999 _c1331731
_d1331728